| 000 | 00983nam a22003137a 4500 | ||
|---|---|---|---|
| 003 | CHAP | ||
| 005 | 20220329135901.0 | ||
| 008 | 971013s1966 r 00010 d | ||
| 010 | _a43767 | ||
| 011 | _a44739 | ||
| 035 | _a48877 | ||
| 040 | _cCHAP | ||
| 090 | _aTesis | ||
| 100 | 0 | 0 |
_aFunes Tirado, José Luis. _944039 |
| 245 | _aRehabilitación del Distrito de Riego No. 75, Valle del Fuerte | ||
| 260 |
_aChapingo, Méx. : _bEl autor, _c1966 |
||
| 300 | _as.p. | ||
| 502 | _aTesis (Ing. Agr. Esp. en Fitotecnia) -- ENA | ||
| 590 |
_aALEPH _b10 _c20130110 _lUCH01 _h1312 |
||
| 590 |
_aBATCH-UPD _b10 _c20130110 _lUCH01 _h2203 |
||
| 590 |
_aBATCH-UPD _b10 _c20130410 _lUCH01 _h1509 |
||
| 590 |
_aBATCH-UPD _b10 _c20130914 _lUCH01 _h1208 |
||
| 590 |
_aCONVERSION _b10 _c20130109 _lUCH01 _h1324 |
||
| 650 | 1 | 4 |
_aDistrito de Riego El Fuerte, Sin. _932887 |
| 901 | _aBK | ||
| 942 | _cFOLL | ||
| 949 |
_bBC _cTES _d-110464 _eTS1 _i48877 _si |
||
| 949 |
_bBC _cTES _d-110465 _eTS2 _fc.2 _i48877 _si |
||
| 999 |
_c43767 _d43767 |
||